| 000 | 00568nam a22002171c 4500 | ||
|---|---|---|---|
| 001 | a987662967 | ||
| 008 | 090206s2001 gw |||| 000u ger d | ||
| 041 | _ager | ||
| 245 | 0 | 0 |
_aFeminismus und Demokratie : _bEuropäische Frauenbewegungen der 1920er Jahre |
| 264 |
_aKönigstein : _bUlrike Helmer, _c2001 |
||
| 650 | 0 | _aGender | |
| 650 | 0 | _aFamilie | |
| 650 | 0 | _aEmanzipation | |
| 650 | 0 | _aPolitik | |
| 650 | 0 | _aWahlrecht | |
| 655 | 0 | _aAufsatzsammlung | |
| 700 | 1 |
_aGerhard, Ute _eHerausgeberIn |
|
| 942 | _cMG | ||
| 040 | _cRU-10907106 | ||
| 003 | RU-10907106 | ||
| 999 |
_c17219 _d17219 |
||